Business ethics a contemporary approach

Zapisane w:
Opis bibliograficzny
1. autor: McDONALD, Gael
Format: Książka
Język:angielski
Wydane: Cambridge University Press 2015
Etykiety: Dodaj etykietę
Nie ma etykietki, Dołącz pierwszą etykiete!

MARC

LEADER 00000nam a22000007a 4500
008 230104b |||||||| |||| 00| 0 eng d
020 |a 9781107674059 
100 |a McDONALD, Gael 
245 |a Business ethics  |b a contemporary approach  |c Gael McDonald  |g xix, 461p;ll 
260 |b Cambridge University Press  |c 2015  |h Melbourne, Australia  |i 699697  |i 699698  |l HF5387.M14  |m Business ethics- Australia  |m Management -Moral and ethical aspects  |m Business ethics 
500 |a it includes references and index 
942 |a lcc  |c BK  |e Johnson  |f 04/01/23 
952 |0 0  |1 0  |2 lcc  |4 0  |6 HF5387 M14  |7 0  |9 4075  |a SSL  |b HOL  |c GJ  |d 2023-01-04  |l 0  |o HF5387.M14  |p 2023-0009  |r 2023-01-04 00:00:00  |t 699697  |w 2023-01-04  |y BK 
952 |0 0  |1 0  |2 lcc  |4 0  |6 HF5387 M14  |7 0  |9 4076  |a HOL  |b HOL  |c GJ  |d 2023-01-04  |l 0  |o HF5387.M14  |p 2023-0010  |r 2023-01-04 00:00:00  |t 699698  |w 2023-01-04  |y BK 
999 |c 2046  |d 2046